Pays les plus proches de Vatican par deux premières lettres - Statistiques

Statistiques générales
  • Ce quiz a été pris 445 fois
  • Le résultat moyen est 15 sur 21
Statistiques - réponses
pays % Correct
Italie
100%
France
99%
Albanie
96%
Algérie
96%
Allemagne
96%
Suisse
81%
Saint-Marin
80%
Monaco
77%
Monténégro
77%
Macédoine du Nord
74%
Malte
74%
Slovénie
72%
Croatie
71%
Autriche
69%
Grèce
63%
Liechtenstein
62%
Bosnie- Herzégovine
53%
Serbie
51%
Tunisie
47%
Hongrie
40%
Kosovo
35%
Aucun quiz correspondant
Distribution des résultats
% des personnes avec chaque résultat
Percentile par nombre de réponses
Votre historique - résultats
Vous n’avez pas pris ce quiz